Shapes of Countries at UEFA Euro 2024 - Statistics

General Stats
  • This quiz has been taken 3,486 times
    2,350 since last reset
  • The average score is 20 of 24
Answer Stats
Picture Answer % Correct
France
99%
Italy
99%
Germany
96%
Portugal
90%
Spain
90%
Croatia
89%
England
88%
Austria
87%
Switzerland
87%
Poland
86%
Turkey
86%
Denmark
85%
Albania
83%
Scotland
82%
Ukraine
82%
Netherlands
81%
Belgium
79%
Serbia
79%
Hungary
78%
Romania
78%
Czech Republic
76%
Slovakia
76%
Georgia
72%
Slovenia
72%
No matching quizzes found
Score Distribution
Percent of People with Each Score
Percentile by Number Answered
Your Score History
You have not taken this quiz since the last reset